000 00878cam a2200265 a 4500
001 142944
005 20180119075009.0
008 980921s1998 nyua 000 0deng d
010 _a 98066347
020 _a082122557X
035 _a(OCoLC)39858379
040 _aInMtv
_cInMtv
_dO
_dDLC
041 _aeng
042 _alccopycat
080 _a09.82 JAM
082 0 0 _a909.82 JAM
_221
100 _a42
101 _aHIS
245 0 4 _aThe Life millennium :
_c[editor, Robert Friedman].
906 _a7
_bcbc
_ccopycat
_d2
_eopcn
_f19
_gy-gencatlg
942 _2ddc
_cBK
999 _c40593
_d40593